000 01281nas1a22003131i 4500
001 RU\NLR\INFOCOMM55\1000085262
005 20240723090958.0
035 _a(NLR Aleph) 002302053
090 _a4235302
_c4235302
100 _a20040922b19251928|||y0rusy50 ca
101 0 _arus
102 _aRU
110 _aayu||||0|y0
200 1 _aБюллетень
_fТеатральная б-ка "Рампа" В.Л. Тарского
210 _aЛ.
_d1925-1928
300 _aС 1929 г. см. каталог книг. (... Каталог)
430 0 _12001#$aБюллетень-каталог
_tБюллетень-каталог
430 0 _12001#$aОсновной каталог-бюллетень
_tОсновной каталог-бюллетень
710 0 2 _a"Рампа", театральная библиотека В.Л. Тарского
_cЛенинград
_4070
801 1 _aRU
_bInfoComm
_c20040922
801 0 _aRU
_bNLR
_gPSBO
852 _aNLR
_jП31/63
942 _cJOURNAL
980 _aRUSPER